History - European | 6 | 3 | 0 | 0 | 120 | 10 | 54.67 | 3 | 4 |
History - American | 5 | 3 | 0 | 0 | 105 | 11 | 65.00 | 1 | 2 |
History - World | 4 | 4 | 0 | 0 | 100 | 17 | 72.13 | 1 | 2 |
RMP - Greco-Roman Mythology | 2 | 0 | 0 | 0 | 30 | 41 | 41.00 | 0 | 0 |
RMP - World Mythology | 0 | 3 | 0 | 0 | 30 | 56 | 89.00 | 0 | 0 |
History - Cross, Historiography, and Miscellaneous | 1 | 1 | 0 | 0 | 25 | 52 | 61.00 | 1 | 1 |
Other - Other Academic and General Knowledge | 1 | 1 | 0 | 0 | 25 | 59 | 64.50 | 0 | 2 |
RMP - Hebrew Bible | 1 | 0 | 0 | 0 | 15 | 24 | 24.00 | 0 | 1 |
RMP - Christian Practice | 1 | 0 | 0 | 0 | 15 | 70 | 70.00 | 0 | 0 |
Social Science - Economics | 0 | 1 | 0 | 0 | 10 | 69 | 69.00 | 0 | 0 |
Fine Arts - Sculpture | 0 | 1 | 0 | 0 | 10 | 81 | 81.00 | 0 | 0 |
Geography - World | 0 | 1 | 0 | 0 | 10 | 92 | 92.00 | 0 | 0 |
RMP - Islam | 0 | 1 | 0 | 0 | 10 | 79 | 79.00 | 0 | 0 |
RMP - Philosophy | 0 | 1 | 0 | 0 | 10 | 82 | 82.00 | 0 | 0 |
Science - Engineering and Miscellaneous | 0 | 1 | 0 | 0 | 10 | 87 | 87.00 | 0 | 0 |
Current Events - World | 0 | 1 | 0 | 0 | 10 | 140 | 140.00 | 0 | 0 |
Fine Arts - Painting | 0 | 0 | 0 | 0 | 0 | | 0.00 | 0 | 0 |
Fine Arts - Miscellaneous | 0 | 0 | 0 | 0 | 0 | | 0.00 | 0 | 0 |
Fine Arts - Architecture | 0 | 0 | 0 | 0 | 0 | | 0.00 | 0 | 0 |
Science - Biology | 0 | 0 | 0 | 0 | 0 | | 0.00 | 0 | 0 |